[Event "London Classic op U2050-B 11th"]
[Site "London"]
[Date "2019.12.03"]
[Round "2"]
[White "Joslin, Tim M"]
[Black "Marin Aso, Jose Luis"]
[Result "1/2-1/2"]
[WhiteElo "1844"]
[BlackElo "1917"]
[PlyCount "60"]
[EventDate "2019.12.02"]
[EventType "swiss"]
[EventRounds "5"]
[EventCountry "ENG"]
[SourceTitle "CBM 195 Extra"]
[Source "ChessBase"]
[SourceDate "2020.05.31"]
[SourceVersion "1"]
[SourceVersionDate "2020.05.31"]
[SourceQuality "1"]

1. e4 c5 2. c3 Nf6 3. e5 Nd5 4. d4 cxd4 5. Nf3 d6 6. cxd4 e6 7. Bc4 Bd7 8. 0-0 Bc6 9. h4 Nd7 10. Re1 Be7 11. h5 Rc8 12. Bb3 0-0 13. a3 Qc7 14. Qd3 dxe5 15. Nxe5 Nxe5 16. dxe5 Rfd8 17. Qg3 Bf8 18. Bg5 Ne7 19. Nc3 Rd4 20. Bc2 Nf5 21. Qh3 h6 22. Bxf5 exf5 23. Be3 Rd3 24. Qxf5 Rcd8 25. Bf4 Qd7 26. e6 fxe6 27. Rxe6 Qf7 28. Qxf7+ Kxf7 29. Rae1 Bd7 30. R6e4 Bc6 1/2-1/2

[Event "London Classic op U2050-A 11th"]
[Site "London"]
[Date "2019.11.29"]
[Round "1"]
[White "Joslin, Tim M"]
[Black "Baleani, Guido"]
[Result "0-1"]
[WhiteElo "1844"]
[BlackElo "1557"]
[PlyCount "88"]
[EventDate "2019.11.29"]
[EventType "swiss"]
[EventRounds "5"]
[EventCountry "ENG"]
[SourceTitle "CBM 195 Extra"]
[Source "ChessBase"]
[SourceDate "2020.05.31"]
[SourceVersion "1"]
[SourceVersionDate "2020.05.31"]
[SourceQuality "1"]

1. e4 d6 2. d4 e5 3. dxe5 Qe7 4. Nc3 dxe5 5. Nf3 Bg4 6. Be2 Bxf3 7. Bxf3 Nf6 8. Bg5 c6 9. 0-0 Nbd7 10. a4 Qd6 11. Qe2 Be7 12. Nd1 0-0 13. Ne3 Qc7 14. Nf5 Bc5 15. a5 h6 16. Bd2 a6 17. b4 Ba7 18. Rfd1 Rfe8 19. c4 Bd4 20. Rab1 Rad8 21. c5 Kh7 22. Bc1 Nf8 23. g3 Ne6 24. Qf1 Ng5 25. Bxg5 hxg5 26. Nd6 Rh8 27. Qh3+ Kg8 28. Qf5 Qd7 29. Qxd7 Rxd7 30. Be2 g6 31. Kg2 Kg7 32. f4 gxf4 33. gxf4 exf4 34. Rxd4 Rh6 35. Bc4 Ng4 36. Rh1 Ne3+ 37. Kf3 Re7 38. Kxf4 Rh3 39. Rd2 f6 40. e5 Rxe5 41. Nf7 Rf5+ 42. Ke4 Nxc4 43. Rd7 Re3+ 44. Kd4 Rf4# 0-1

[Event "London CSC 5-Day U2050 op 10th"]
[Site "London"]
[Date "2018.12.13"]
[Round "5"]
[White "Olutola, Taiwo"]
[Black "Joslin, Tim M"]
[Result "0-1"]
[WhiteElo "1643"]
[BlackElo "1851"]
[PlyCount "157"]
[EventDate "2018.12.09"]
[EventType "swiss"]
[EventRounds "5"]
[EventCountry "ENG"]
[SourceTitle "EXT 2020"]
[Source "ChessBase"]
[SourceDate "2019.10.17"]
[SourceVersion "1"]
[SourceVersionDate "2019.10.17"]
[SourceQuality "1"]

1. Nf3 Nf6 2. d4 c5 3. e3 d5 4. Be2 Nc6 5. 0-0 Bf5 6. a3 e6 7. dxc5 Bxc5 8. b4 Bd6 9. Bb2 Qc7 10. Nbd2 0-0 11. c4 Ng4 12. h3 Nge5 13. Qb3 Nxf3+ 14. Nxf3 dxc4 15. Qxc4 e5 16. Rac1 Qe7 17. Qh4 Qe6 18. Bc4 Qg6 19. Qg5 e4 20. Qxg6 hxg6 21. Nd4 Ne5 22. Be2 Bd7 23. Rfd1 Ba4 24. Rd2 Rad8 25. Nb5 Bb8 26. Rxd8 Rxd8 27. Nc3 Bc6 28. b5 Rd2 29. bxc6 Rxb2 30. cxb7 Nd3 31. Bxd3 exd3 32. Rd1 d2 33. Nb1 Rxb7 34. Nxd2 Rd7 35. Kf1 Rd3 36. a4 Bc7 37. Ke2 Ra3 38. Rc1 Ba5 39. Nc4 Ra2+ 40. Kd3 Bb4 41. Rc2 Rxa4 42. Rb2 a5 43. Nb6 Ra3+ 44. Kc4 Rc3+ 45. Kb5 Rd3 46. Kc4 Rd6 47. Kb5 Kf8 48. Ra2 Be1 49. f3 Ke8 50. e4 f5 51. exf5 Kd8 52. fxg6 Rxg6 53. Nc4 Rg5+ 54. Ka4 Kc7 55. Re2 Bb4 56. Ne5 Kb7 57. Ng4 Kc6 58. Re6+ Kd5 59. Re8 Kc4 60. Re4+ Kd3 61. Re6 Rc5 62. Ne5+ Kd2 63. Nc6 Bc3 64. Kb3 Rb5+ 65. Kc4 Rg5 66. g4 a4 67. Nb4 Bb2 68. f4 Ra5 69. f5 a3 70. Kb3 Rb5 71. Rd6+ Ke3 72. Rd1 Rxb4+ 73. Kxb4 a2 74. Kc4 a1Q 75. Rxa1 Bxa1 76. Kd5 Kf4 77. Ke6 Bf6 78. Kf7 Kg5 79. Kf8 0-1

[Event "London CSC 5-Day U2050 op 10th"]
[Site "London"]
[Date "2018.12.10"]
[Round "2"]
[White "Rogers, Timothy"]
[Black "Joslin, Tim M"]
[Result "1-0"]
[WhiteElo "2003"]
[BlackElo "1851"]
[PlyCount "29"]
[EventDate "2018.12.09"]
[EventType "swiss"]
[EventRounds "5"]
[EventCountry "ENG"]
[SourceTitle "EXT 2020"]
[Source "ChessBase"]
[SourceDate "2019.10.17"]
[SourceVersion "1"]
[SourceVersionDate "2019.10.17"]
[SourceQuality "1"]

1. d4 Nf6 2. Bf4 b6 3. Nc3 Bb7 4. Nf3 g6 5. h4 d6 6. Qd3 Nbd7 7. e4 Nh5 8. Bg5 h6 9. Be3 e5 10. dxe5 Nxe5 11. Nxe5 dxe5 12. Qb5+ Qd7 13. Qxe5+ Qe7 14. Qxh8 0-0-0 15. Rd1 1-0

[Event "London CSC op U2000 7th"]
[Site "London"]
[Date "2015.12.10"]
[Round "4"]
[White "McDonnell, James J"]
[Black "Joslin, Tim M"]
[Result "1-0"]
[WhiteElo "1919"]
[BlackElo "1878"]
[PlyCount "139"]
[EventDate "2015.12.07"]
[EventType "swiss"]
[EventRounds "9"]
[EventCountry "ENG"]
[SourceTitle "CBM 170 Extra"]
[Source "ChessBase"]
[SourceDate "2016.02.25"]
[SourceVersion "1"]
[SourceVersionDate "2016.02.25"]
[SourceQuality "1"]

1. e4 d5 2. exd5 Nf6 3. Bb5+ Nbd7 4. c4 a6 5. Ba4 b5 6. cxb5 Nxd5 7. Nc3 N5b6 8. Bc2 Nf6 9. Qe2 Bb7 10. Nf3 e6 11. 0-0 Bd6 12. d4 h6 13. Bd3 a5 14. Ne5 0-0 15. Ne4 Be7 16. Rd1 Qd5 17. Nxf6+ Bxf6 18. Nf3 Rfd8 19. Be3 Qh5 20. Ne5 Qxe2 21. Bxe2 Nd5 22. Bd2 Nb4 23. Bc3 Nd5 24. g3 Ne7 25. a4 Bd5 26. Bf3 Bxf3 27. Nxf3 Rd5 28. Kf1 c6 29. bxc6 Nxc6 30. Rd2 Rad8 31. Rad1 Kf8 32. Ke2 Ke8 33. Kf1 g6 34. Ke2 h5 35. h4 Bg7 36. Kf1 Bh6 37. Rd3 e5 38. Ng5 exd4 39. Bd2 Ne5 40. Rb3 Nc4 41. Bf4 Bg7 42. Rb7 R5d7 43. Rb5 Re7 44. Rd3 Be5 45. Bc1 Bc7 46. Nf3 Re4 47. Nd2 Ne5 48. Rdb3 Rg4 49. Kg2 d3 50. Rc3 Bd6 51. f4 Nd7 52. Ne4 d2 53. Bxd2 Bb4 54. Rd3 Bxd2 55. Rxd2 g5 56. Rxg5 Rxg5 57. hxg5 Rb8 58. Kh3 Rb4 59. Nc3 Nc5 60. Kh4 Nxa4 61. Nxa4 Rxa4 62. Kxh5 Rb4 63. Rf2 Rb3 64. Kh4 Kd7 65. g4 Ke6 66. f5+ Ke5 67. g6 f6 68. g7 Rb8 69. Kh5 Kd6 70. Re2 1-0

[Event "London CSC op U2000 7th"]
[Site "London"]
[Date "2015.12.09"]
[Round "3"]
[White "Joslin, Tim M"]
[Black "Johnson, Daniel1111"]
[Result "1-0"]
[WhiteElo "1878"]
[BlackElo "1807"]
[PlyCount "67"]
[EventDate "2015.12.07"]
[EventType "swiss"]
[EventRounds "9"]
[EventCountry "ENG"]
[SourceTitle "CBM 170 Extra"]
[Source "ChessBase"]
[SourceDate "2016.02.25"]
[SourceVersion "1"]
[SourceVersionDate "2016.02.25"]
[SourceQuality "1"]

1. e4 c5 2. c3 d5 3. exd5 Qxd5 4. d4 e6 5. Nf3 Nf6 6. Bd3 Nbd7 7. Qe2 Be7 8. 0-0 b6 9. c4 Qd6 10. Nc3 a6 11. d5 Nf8 12. Re1 Ng6 13. Bxg6 hxg6 14. Ne5 Qc7 15. h3 0-0 16. dxe6 Bxe6 17. Nxg6 Rfd8 18. Nxe7+ Qxe7 19. Bg5 Rd4 20. b3 Qd7 21. Qf3 Rd8 22. Bxf6 gxf6 23. Ne4 Rxe4 24. Rxe4 Bf5 25. Rf4 Bg6 26. Rxf6 Qd2 27. Rxb6 Re8 28. Qd5 Qc3 29. Rxg6+ Kf8 30. Qd6+ Re7 31. Qd8+ Re8 32. Rg8+ Kxg8 33. Qxe8+ Kg7 34. Re1 1-0

[Event "Hampstead op U2200 06"]
[Site "Hampstead"]
[Date "2013.06.29"]
[Round "2"]
[White "Joslin, Tim M"]
[Black "Perez Carballo, Manuel"]
[Result "0-1"]
[WhiteElo "1946"]
[BlackElo "2143"]
[PlyCount "82"]
[EventDate "2013.06.29"]
[EventType "swiss"]
[EventRounds "5"]
[EventCountry "ENG"]
[SourceTitle "EXT 2014"]
[Source "ChessBase"]
[SourceDate "2013.11.20"]
[SourceVersion "1"]
[SourceVersionDate "2013.11.20"]
[SourceQuality "1"]

1. e4 c5 2. c3 d5 3. exd5 Qxd5 4. d4 Nc6 5. Nf3 Bg4 6. Be2 e6 7. 0-0 cxd4 8. cxd4 Nf6 9. Nc3 Qd8 10. Qa4 Be7 11. Bg5 0-0 12. Rfd1 Nd5 13. Bxe7 Ncxe7 14. Rac1 Nf4 15. Qc2 Rc8 16. Qe4 Nxe2+ 17. Nxe2 Bxf3 18. Qxf3 Qb6 19. Qa3 Nd5 20. Rc5 Rcd8 21. Nc3 a6 22. Nxd5 Rxd5 23. Rxd5 exd5 24. Qc5 Qxb2 25. Qxd5 Re8 26. g3 g6 27. Qb3 Re2 28. d5 Qxb3 29. axb3 Re7 30. Kg2 Kf8 31. Kf3 Ke8 32. Rd4 Kd7 33. Re4 Rxe4 34. Kxe4 Kd6 35. b4 b6 36. f4 f5+ 37. Kd4 a5 38. Kc4 axb4 39. Kxb4 Kxd5 40. Kb5 Ke4 41. Kxb6 Kf3 0-1

[Event "Hampstead op U2200 06"]
[Site "Hampstead"]
[Date "2013.06.29"]
[Round "3"]
[White "Mitchell, Bob"]
[Black "Joslin, Tim M"]
[Result "0-1"]
[WhiteElo "1707"]
[BlackElo "1946"]
[PlyCount "56"]
[EventDate "2013.06.29"]
[EventType "swiss"]
[EventRounds "5"]
[EventCountry "ENG"]
[SourceTitle "EXT 2014"]
[Source "ChessBase"]
[SourceDate "2013.11.20"]
[SourceVersion "1"]
[SourceVersionDate "2013.11.20"]
[SourceQuality "1"]

1. d4 e6 2. Nf3 Nf6 3. e3 b6 4. c4 Bb7 5. b3 Bb4+ 6. Bd2 Be7 7. Be2 0-0 8. 0-0 Ne4 9. Nc3 f5 10. Be1 d6 11. d5 Bf6 12. Rc1 Nxc3 13. Bxc3 Bxc3 14. Rxc3 Qf6 15. Rc2 e5 16. Qa1 Nd7 17. Rd1 f4 18. exf4 Qg6 19. Qc3 Rxf4 20. Bf1 Raf8 21. Ne1 e4 22. Qe3 Ne5 23. Rdd2 Bc8 24. Qg3 Rg4 25. Qe3 Rg5 26. Re2 Ng4 27. Qxe4 Nxf2 28. Qxg6 Nh3+ 0-1